00575nam a2200157 a 450000100100000000500170001000800410002704000250006808200090009324500310010226000860013330000090021950001060022871000510033471000320038500003602620200930074818.0111123s1996 dr ac 000 0 spa d aDO-SdBNPbspacBNPHU axxxx00aArte dominicano 1890-1940. aSantiago de los Caballeros, República Dominicana :bE. León Jiménes,c1996. a7 p. aEn la cubierta : Antología del arte santiaguero del siglo 20, Precursores y forjadores santiagueros2 aPatronato Plaza de la Cultura Santiago Apostol2 aInstituto de Cultura y Arte